000
00346 a2200169 4500
001
191960
020
_a
978-85-249-2156-8
040
_c
Magnum
100
_a
Caruso, Carla
240
1
0
_a
Sono de bicho
_l
por
245
1
0
_a
Sono de bicho
300
_a
31
362
0
_a
2014
440
1
_a
Cortez
697
_a
LITERATURA INFANTIL
942
_c
BK
999
_c
191960
_d
191960